The works of John Whitehurst FRS (Record no. 115164)

MARC details
000 -LEADER
fixed length control field 01207cam a22002775a 4500
001 - CONTROL NUMBER
control field L158136
008 - FIXED-LENGTH DATA ELEMENTS--GENERAL INFORMATION
fixed length control field 140901s1792 xxk f 000 0 eng d
020 ## - INTERNATIONAL STANDARD BOOK NUMBER
International Standard Book Number 9781170124833
035 ## - SYSTEM CONTROL NUMBER
System control number (Sirsi) u158136
041 0# - LANGUAGE CODE
Language code of text/sound track or separate title eng
050 04 - LIBRARY OF CONGRESS CALL NUMBER
Classification number 333.72
100 1# - MAIN ENTRY--PERSONAL NAME
Personal name Whitehurst, John
245 04 - TITLE STATEMENT
Title The works of John Whitehurst FRS
Medium With memoirs of his life and writings
260 ## - PUBLICATION, DISTRIBUTION, ETC.
Place of publication, distribution, etc. London
Date of publication, distribution, etc. W Brent
Name of publisher, distributor, etc. 1792
490 #0 - SERIES STATEMENT
Series statement ECCO Print Editions History and Geography
520 ## - SUMMARY, ETC.
Summary, etc. Reprint of the memoirs and writings of John Whitehurst 1713 - 1784 FRS, clockmaker, scientist and geologist who studied the geological strata of the Giant Causeway in Ireland and the formation of the earth including the cause of earthquakes. Author of "An attempt towards invariable measures of length , capacity and weight from the mensuration of time" linking latitude to pendulum swings found in clocks.
590 ## - LOCAL NOTE (RLIN)
Local note KA
650 24 - SUBJECT ADDED ENTRY--TOPICAL TERM
Topical term or geographic name entry element Measurement
9 (RLIN) 6256
650 24 - SUBJECT ADDED ENTRY--TOPICAL TERM
Topical term or geographic name entry element CLOCKS
650 24 - SUBJECT ADDED ENTRY--TOPICAL TERM
Topical term or geographic name entry element EARTH QUAKES
650 24 - SUBJECT ADDED ENTRY--TOPICAL TERM
Topical term or geographic name entry element AN ATTEMPT TOWARDS INVARIABLE MEASURES OF LENGTH, CAPACITY AND WEIGHT FROM THE MENSURATION OF TIME
651 #4 - SUBJECT ADDED ENTRY--GEOGRAPHIC NAME
Geographic name United Kingdom
Chronological subdivision
690 ## - LOCAL SUBJECT ADDED ENTRY--TOPICAL TERM (OCLC, RLIN)
Topical term or geographic name as entry element Hydrography
9 (RLIN) 6245
700 1# - ADDED ENTRY--PERSONAL NAME
Personal name Hutton, C
942 ## - ADDED ENTRY ELEMENTS (KOHA)
Suppress in OPAC 0
Holdings
Withdrawn status Lost status Source of classification or shelving scheme Damaged status Not for loan Home library Current library Shelving location Date acquired Total Checkouts Full call number Barcode Date last seen Copy number Price effective from Koha item type
    Dewey Decimal Classification     London London Books 01/09/2014   333.72 WHI 30078268 06/08/2019 1 06/08/2019 Book